000 00439nam a2200157 i 4500
001 92403
003 ES-MaACL
005 20230906180950.0
007 t|
008 050307s1960 sp ||||1| spa d
100 1 _aLinares, Luisa-María.
_972339
245 1 0 _aCasi siempre te adoro
_b: novela /
_cLuisa-María Linares.
260 _aBarcelona :
_bJuventud,
_c[1960]
300 _a192 p. ;
_c23 cm.
852 _aES-MaACL
_jC-18977
_bR.46307
999 _c92403
_d92403